000 00202 a2200085 4500
245 _aTHE POLITICS OF PKLANNING IN DEVELOPING COUNTRIES
_hText
100 _aC.D.ROWLEY
650 _aPOLITICS
005 20191017172319.0
084 _aNONE
999 _c8722
_d8722